000 00500nam a2200193 a 4500
001 1765435095280
003 YourLibrary
005 20251213131027.0
008 251211s2005##################000#0#eng##
020 _a9780415361743
082 0 4 _a895.110622WAL
100 1 _aWaley, Arthur,
_eauthor.
245 1 0 _aThe Book of Songs :
260 _bPsychology Press,
_c2005.
300 _a358 pages
650 0 _aLiterary Collections.
942 _cENGLISH
040 _aYourLibrary
_beng
_cYourLibrary
999 _c602409
_d602409